[Event "Troy (TCC Res/5/4)"]
[Site "?"]
[Date "1995.??.??"]
[Round "?"]
[White "Hartwig, Thomas"]
[Black "Scales, H."]
[Result "0-1"]
[WhiteElo "1605"]
[BlackElo "1605"]
[PlyCount "30"]
[EventDate "1995.??.??"]

{5/(4)} 1. e4 e5 2. Nf3 Nc6 3. Bc4 Bc5 4. c3 d6 5. d4 exd4 6. cxd4 Bb6 7. Nc3
Bg4 8. Be3 Qf6 9. Bg5 Qg6 10. d5 Nd4 11. Qa4+ Bd7 12. Bb5 Bxb5 13. Nxb5 Qxe4+
14. Kd1 Qd3+ 15. Kc1 Ne2# 0-1

[Event "East Lansing (MOR/6/10)"]
[Site "?"]
[Date "1995.??.??"]
[Round "?"]
[White "Hartwig, Thomas"]
[Black "Post, Robert"]
[Result "1-0"]
[WhiteElo "1605"]
[BlackElo "1750"]
[PlyCount "65"]
[EventDate "1995.??.??"]

{6/(10)} 1. e4 g6 2. d4 Bg7 3. Nf3 d6 4. Bc4 Nf6 5. Nc3 O-O 6. Bg5 Nbd7 7. e5
Re8 8. exf6 exf6+ 9. Be3 Nb6 10. Be2 f5 11. O-O h6 12. d5 c5 13. dxc6 bxc6 14.
Bd4 f6 15. Bxb6 axb6 16. Bc4+ Kh7 17. Qd2 Bb7 18. Rfe1 d5 19. Bf1 Qd7 20. Rxe8
Rxe8 21. Re1 Rxe1 22. Qxe1 d4 23. Na4 Qd8 24. Qb4 b5 25. Nc5 Qd6 26. Qxd4 Qxd4
27. Nxd4 Ba8 28. Nce6 Bh8 29. Nd8 f4 30. N8xc6 Bxc6 31. Nxc6 f5 32. c3 b4 33.
Nxb4 1-0

[Event "Eastpointe (MCO/2/30)"]
[Site "?"]
[Date "1995.??.??"]
[Round "?"]
[White "Hartwig, Thomas"]
[Black "Pecot, Dave"]
[Result "1/2-1/2"]
[WhiteElo "1605"]
[BlackElo "1605"]
[PlyCount "36"]
[EventDate "1995.??.??"]

{2/(30)} 1. e4 e5 2. Nf3 f5 3. Nxe5 Qf6 4. d4 d6 5. Nc4 fxe4 6. Nc3 Qg6 7. Bf4
Nf6 8. Bg3 Be7 9. Be2 O-O 10. Ne3 c6 11. d5 Ne8 12. Bh5 Qf6 13. Nxe4 Qxb2 14.
Bxe8 Rxe8 15. Bxd6 Bxd6 16. Nxd6 Qb4+ 17. c3 Qxd6 18. Qb3 Qxd5 1/2-1/2

[Event "East Lansing (MOR/5/6)"]
[Site "?"]
[Date "1995.??.??"]
[Round "?"]
[White "Hartwig, Thomas"]
[Black "Nicolli, Randy"]
[Result "1/2-1/2"]
[WhiteElo "1605"]
[BlackElo "1755"]
[PlyCount "103"]
[EventDate "1995.??.??"]

{5/(6)} 1. e4 e5 2. Nf3 f5 3. Nxe5 Qf6 4. d4 d6 5. Nc4 fxe4 6. Nc3 Qg6 7. Ne3
Nf6 8. Be2 Be7 9. Ncd5 Bd8 10. Nf4 Qf7 11. Bc4 Qf8 12. Ned5 Bf5 13. O-O Nxd5
14. Bxd5 c6 15. Be6 d5 16. Bxf5 Qxf5 17. f3 O-O 18. fxe4 Qxe4 19. Qd3 Bf6 20.
Qxe4 dxe4 21. c3 Nd7 22. Ne6 Rf7 23. Bg5 Re8 24. Bxf6 Nxf6 25. Ng5 Rfe7 26.
Rfe1 Nd5 27. g3 h6 28. Nh3 g5 29. Re2 Kf7 30. Rf1+ Kg6 31. Nf2 Nf6 32. Rfe1 h5
33. Nd1 h4 34. Ne3 h3 35. Nc4 Re6 36. Ne3 g4 37. Rf1 Rg8 38. Rf4 Kf7 39. Ref2
Ke7 40. Nf5+ Kd7 41. Ne3 Rg6 42. Nc4 Nd5 43. Ne5+ Rxe5 44. dxe5 Nxf4 45. Rxf4
Rg5 46. Rxe4 Ke6 47. Kf2 Kd5 48. Re3 Rxe5 49. Rxe5+ Kxe5 50. Ke3 c5 51. c4 a6
52. a4 1/2-1/2

[Event "Eastpointe (EDO/5/12)"]
[Site "?"]
[Date "1995.??.??"]
[Round "?"]
[White "Hartwig, Thomas"]
[Black "Manus, J."]
[Result "1-0"]
[WhiteElo "1605"]
[BlackElo "1605"]
[PlyCount "35"]
[EventDate "1995.??.??"]

{5/(12)} 1. e4 c6 2. d4 d5 3. Nc3 dxe4 4. Nxe4 Bf5 5. Ng3 Bg6 6. Nf3 h6 7. Ne5
Bh7 8. Bc4 e6 9. Qe2 Bb4+ 10. c3 Ba5 11. Nxf7 Ne7 12. Nxd8 Kxd8 13. Bxe6 Bb6
14. Bf4 Rf8 15. Bd6 Nc8 16. Bxf8 Na6 17. Bxc8 Rxc8 18. Qe7# 1-0

[Event "Eastpointe (MCO/6/20)"]
[Site "?"]
[Date "1995.??.??"]
[Round "?"]
[White "Hartwig, Thomas"]
[Black "Key_Smith, G."]
[Result "1-0"]
[WhiteElo "1605"]
[BlackElo "1735"]
[PlyCount "47"]
[EventDate "1995.??.??"]

{6/(20)} 1. e4 e6 2. d4 d5 3. Nc3 Nf6 4. e5 Nfd7 5. f4 c5 6. Nf3 Nc6 7. Be3 a6
8. Be2 Be7 9. O-O b5 10. dxc5 Nxc5 11. a3 O-O 12. Kh1 Nd7 13. Bd3 f6 14. Nd4
Nxd4 15. Bxd4 fxe5 16. fxe5 Bc5 17. Qh5 g6 18. Bxg6 hxg6 19. Qxg6+ Kh8 20. Qh6+
Kg8 21. Qxe6+ Kh7 22. Qxd5 Bb7 23. Qxb7 Bxd4 24. Qe4+ 1-0

[Event "East Lansing (Class DE/4/10)"]
[Site "?"]
[Date "1995.??.??"]
[Round "?"]
[White "Hartwig, Thomas"]
[Black "Kenworthy, Mark"]
[Result "1-0"]
[WhiteElo "1605"]
[BlackElo "1605"]
[PlyCount "69"]
[EventDate "1995.??.??"]

{4/(10)} 1. e4 e5 2. Nf3 d6 3. d4 exd4 4. Nxd4 c5 5. Nf3 Nf6 6. e5 Ne4 7. Bd3
Bf5 8. exd6 Qxd6 9. O-O Qd5 10. Bb5+ Qc6 11. Bxc6+ Nxc6 12. Bf4 Rd8 13. Qe2 Nd4
14. Nxd4 cxd4 15. f3 Bc5 16. Kh1 O-O 17. fxe4 Rfe8 18. Qb5 Bxe4 19. Qxc5 b6 20.
Qh5 Rd5 21. Qe2 Rf5 22. Nd2 Bc6 23. Qd3 Rd5 24. Rae1 Kf8 25. Qxh7 f6 26. Rxe8+
Kxe8 27. Qg8+ Ke7 28. Re1+ Re5 29. Qxg7+ Ke6 30. Rxe5+ fxe5 31. Qxe5+ Kd7 32.
Ne4 Bxe4 33. Qxe4 Kc8 34. Qc6+ Kd8 35. Bg5# 1-0

[Event "Troy (US Am N/3/13)"]
[Site "?"]
[Date "1995.??.??"]
[Round "?"]
[White "Hartwig, Thomas"]
[Black "Kavalec, J."]
[Result "1/2-1/2"]
[WhiteElo "1605"]
[BlackElo "1920"]
[PlyCount "89"]
[EventDate "1995.??.??"]

{3/(13)} 1. e4 e5 2. Nf3 Nc6 3. Bc4 Bc5 4. c3 Bb6 5. d4 Qe7 6. O-O d6 7. Be3
Nf6 8. dxe5 Nxe5 9. Nxe5 dxe5 10. Qe2 Bc5 11. Bxc5 Qxc5 12. Kh1 O-O 13. Na3 a6
14. Rad1 Be6 15. Bxe6 fxe6 16. f3 b5 17. Rd2 Qe7 18. Rfd1 Qf7 19. f4 exf4 20.
e5 Nd5 21. Nc2 f3 22. gxf3 Qxf3+ 23. Qxf3 Rxf3 24. Nd4 Re3 25. Nxe6 Rxe5 26.
Nxg7 c6 27. Rg1 Kh8 28. Rf2 Ne7 29. Rf6 Re2 30. Re6 Rxe6 31. Nxe6 Ng6 32. Nd4
c5 33. Nb3 c4 34. Nd4 Kg7 35. Re1 Nf4 36. Ne6+ Nxe6 37. Rxe6 Kf7 38. Rd6 Re8
39. Rd7+ Re7 40. Rxe7+ Kxe7 41. Kg2 Kf6 42. Kf2 Ke6 43. Ke2 Kf6 44. Kf2 Ke6 45.
Ke2 1/2-1/2

[Event "Ann Arbor (HVA/3/3)"]
[Site "?"]
[Date "1995.??.??"]
[Round "?"]
[White "Hartwig, Thomas"]
[Black "Kane, Paul"]
[Result "1-0"]
[WhiteElo "1720"]
[BlackElo "1630"]
[PlyCount "41"]
[EventDate "1995.??.??"]

{3/(3)} 1. e4 c5 2. Nf3 d6 3. d4 cxd4 4. Nxd4 Nf6 5. Nc3 a6 6. Bg5 e6 7. f4 Be7
8. Qf3 Qc7 9. O-O-O Nc6 10. g4 Nxd4 11. Rxd4 e5 12. Nd5 Nxd5 13. Rxd5 f6 14.
Bh4 Be6 15. Rd2 O-O 16. f5 Bxa2 17. b3 d5 18. Rxd5 Ba3+ 19. Kd2 Rfd8 20. Bc4 b5
21. Rxd8# 1-0

[Event "East Lansing (MOR/3/30)"]
[Site "?"]
[Date "1995.??.??"]
[Round "?"]
[White "Hartwig, Thomas"]
[Black "Husak, J."]
[Result "1-0"]
[WhiteElo "1605"]
[BlackElo "1605"]
[PlyCount "65"]
[EventDate "1995.??.??"]

{3/(30)} 1. e4 d5 2. exd5 Qxd5 3. Nc3 Qd8 4. d4 Nf6 5. Nf3 c6 6. Bd3 Bg4 7. Be2
Nbd7 8. Bf4 e6 9. O-O Nh5 10. Be5 f6 11. Nd2 Bxe2 12. Qxe2 fxe5 13. Qxh5+ g6
14. Qg4 exd4 15. Qxd4 Rg8 16. Rfe1 Nc5 17. Nf3 Qxd4 18. Nxd4 O-O-O 19. Nxe6
Nxe6 20. Rxe6 Bb4 21. Re3 Bc5 22. Ree1 Rd2 23. Re2 Rxe2 24. Nxe2 Re8 25. Kf1
Rf8 26. f3 g5 27. Nc3 g4 28. Ke2 gxf3+ 29. gxf3 Re8+ 30. Ne4 Bd4 31. c3 Bb6 32.
Rd1 a5 33. Rd7 {[During play, the Black king had moved to b8 illegally, for he
played 33...Kc8 here. 1-0, 63?]} 1-0

[Event "Eastpointe (EDO/1/10)"]
[Site "?"]
[Date "1995.??.??"]
[Round "?"]
[White "Hartwig, Thomas"]
[Black "Collins, Charles"]
[Result "1/2-1/2"]
[WhiteElo "1605"]
[BlackElo "1760"]
[PlyCount "110"]
[EventDate "1995.??.??"]

{1/(10)} 1. e4 Nf6 2. e5 Nd5 3. d4 d6 4. c4 Nb6 5. Nf3 Bg4 6. Be2 Nc6 7. exd6
cxd6 8. Nbd2 e6 9. b3 Be7 10. Bb2 O-O 11. O-O d5 12. Ne5 Bxe2 13. Qxe2 Nxe5 14.
dxe5 Rc8 15. Rfd1 Bg5 16. Nf3 Bh6 17. Bc1 Bxc1 18. Raxc1 Qe7 19. cxd5 Nxd5 20.
Qb2 Rfd8 21. Nd4 Nf4 22. g3 Rxc1 23. Qxc1 Nd5 24. Nb5 a6 25. Nd6 f6 26. Nc4 Rc8
27. exf6 Qxf6 28. Qd2 b5 29. Ne3 Nc3 30. Qd7 Rf8 31. Rf1 Ne2+ 32. Kh1 Qf3+ 33.
Ng2 e5 34. Qe6+ Kh8 35. Qxe5 Nc3 36. Qe3 Qxe3 37. Nxe3 Nxa2 38. Kg2 Nb4 39. Rd1
g6 40. Rd4 Nc6 41. Rd6 Nb4 42. Nd5 Nxd5 43. Rxd5 b4 44. Ra5 Rf6 45. Ra4 Rb6 46.
Kf3 Kg7 47. Ke4 Kf6 48. Kd5 Ke7 49. Kc5 Rb5+ 50. Kc4 Rh5 51. Rxa6 Rxh2 52. Kxb4
Rxf2 53. Ra7+ Kf6 54. Rxh7 Rg2 55. Rh3 g5 1/2-1/2

[Event "Eastpointe (MCO/4/23)"]
[Site "?"]
[Date "1995.??.??"]
[Round "?"]
[White "Hartwig, Thomas"]
[Black "Blake, J."]
[Result "1-0"]
[WhiteElo "1605"]
[BlackElo "1770"]
[PlyCount "35"]
[EventDate "1995.??.??"]

{4/(23)} 1. e4 c5 2. Nf3 d6 3. d4 cxd4 4. Nxd4 Nf6 5. Nc3 e6 6. Bg5 Be7 7. Qf3
Qc7 8. O-O-O Nbd7 9. g4 h6 10. Bxf6 Nxf6 11. g5 Nd7 12. g6 Nf6 13. gxf7+ Kxf7
14. Bd3 b6 15. a3 Bb7 16. Rhg1 Rhg8 17. Qg3 e5 18. Qg6+ 1-0

[Event "East Lansing (Class DE/1/17)"]
[Site "?"]
[Date "1995.??.??"]
[Round "?"]
[White "Hartwig, Thomas"]
[Black "Belill, Nathan"]
[Result "1-0"]
[WhiteElo "1605"]
[BlackElo "1605"]
[PlyCount "107"]
[EventDate "1995.??.??"]

{1/(17)} 1. e4 e6 2. d4 d5 3. Nc3 Bb4 4. Bd2 Nf6 5. e5 Ne4 6. Nxe4 Qe7 7. Ng3
Nc6 8. c3 Ba5 9. Bb5 Bd7 10. Nf3 a6 11. Bd3 Bb6 12. O-O h6 13. Qc2 Na5 14. b3
c5 15. dxc5 Ba7 16. Rfe1 b6 17. cxb6 Bxb6 18. Nf1 Nc6 19. c4 d4 20. Be4 Rd8 21.
a3 a5 22. Bxc6 Bxc6 23. b4 axb4 24. Bxb4 Qa7 25. Qd3 Qb7 26. N1d2 g5 27. h3 Rg8
28. Qh7 Rg6 29. h4 d3 30. h5 Bxf3 31. Nxf3 Bd4 32. hxg6 Bxa1 33. gxf7+ Qxf7 34.
Qxf7+ Kxf7 35. Rxa1 Kg6 36. Rd1 Kf5 37. Ne1 Kxe5 38. Rxd3 Rxd3 39. Nxd3+ Ke4
40. Nb2 Ke5 41. a4 Ke4 42. a5 e5 43. a6 g4 44. a7 g3 45. a8=Q+ Kf5 46. Qf8+ Ke6
47. Nd3 gxf2+ 48. Kxf2 h5 49. Qe7+ Kf5 50. Qxe5+ Kg6 51. Nf4+ Kf7 52. Qe6+ Kg7
53. Bc3+ Kf8 54. Ng6# 1-0

[Event "Ann Arbor (HVA/2/6)"]
[Site "?"]
[Date "1995.??.??"]
[Round "?"]
[White "Hartwig, Thomas"]
[Black "Alliston, Richard"]
[Result "1-0"]
[WhiteElo "1720"]
[BlackElo "1605"]
[PlyCount "77"]
[EventDate "1995.??.??"]

{2/(6)} 1. e4 e5 2. Nf3 d6 3. d4 exd4 4. Nxd4 Bd7 5. Nc3 Nf6 6. Bc4 Nc6 7. Be3
Be7 8. h3 a6 9. a4 O-O 10. g4 Ne5 11. Bb3 c5 12. Nf5 Bxf5 13. exf5 Rc8 14. f4
Ned7 15. g5 c4 16. gxf6 Bxf6 17. Ba2 Re8 18. Qd2 Bh4+ 19. Kf1 Nf6 20. Bf2 Ne4
21. Nxe4 Rxe4 22. Re1 Rxe1+ 23. Bxe1 Bxe1 24. Kxe1 Qf6 25. c3 Qxf5 26. Kf2 Re8
27. Bxc4 Qc5+ 28. Qd4 Qh5 29. Qxd6 Qh4+ 30. Kg2 Rd8 31. Re1 h6 32. Qe5 Rd2+ 33.
Re2 Rxe2+ 34. Bxe2 Qd8 35. Qd4 Qe8 36. Bc4 Qc6+ 37. Qd5 Qg6+ 38. Kf3 Qf6 39.
Qxb7 1-0

[Event "Ann Arbor (HVA/5/3)"]
[Site "?"]
[Date "1995.??.??"]
[Round "?"]
[White "Hartwig, Thomas"]
[Black "Aldrich, Jeff"]
[Result "1-0"]
[WhiteElo "1720"]
[BlackElo "1900"]
[PlyCount "123"]
[EventDate "1995.??.??"]

{5/(3)} 1. e4 c6 2. d4 d5 3. Nc3 dxe4 4. Nxe4 Nf6 5. Nxf6+ gxf6 6. Nf3 Bf5 7.
Bf4 e6 8. Bd3 Bg6 9. Qe2 Bd6 10. Bg3 Qe7 11. O-O-O a5 12. Nh4 Bxd3 13. Qxd3 Na6
14. Nf5 exf5 15. Rhe1 Be5 16. dxe5 Nb4 17. Qb3 Kf8 18. exf6 Qxf6 19. Bd6+ Kg8
20. Re3 f4 21. Be7 Qf5 22. Ree1 h5 23. Bxb4 axb4 24. Qxb4 Kh7 25. Qe4 Qxe4 26.
Rxe4 Rxa2 27. Rd7 Kg6 28. Rxf4 f5 29. Rb4 Re8 30. Rbxb7 Re2 31. Rd6+ Kg5 32.
Rg7+ Kf4 33. Rd4+ Ke5 34. Re7+ Kxd4 35. Rxe2 c5 36. c3+ Kd3 37. Re3+ Kc4 38.
Kc2 Ra1 39. Re5 Rg1 40. g3 h4 41. Rxf5 hxg3 42. hxg3 Re1 43. Rf4+ Kb5 44. Kb3
Re2 45. g4 c4+ 46. Rxc4 Rxf2 47. Re4 Rg2 48. Re5+ Kc6 49. Rg5 Kd6 50. c4 Kc6
51. Kc3 Rg3+ 52. Kb4 Re3 53. Rg8 Re2 54. b3 Re7 55. Rg6+ Kc7 56. g5 Re5 57. Rg8
Rf5 58. g6 Rg5 59. g7 Kb7 60. c5 Kc7 61. Ra8 Rg4+ 62. Kb5 1-0

[Event "Troy (US Am N/4/16)"]
[Site "?"]
[Date "1995.??.??"]
[Round "?"]
[White "Hartwig, Thomas"]
[Black "Aldrich, Jeff"]
[Result "1-0"]
[WhiteElo "1605"]
[BlackElo "1900"]
[PlyCount "61"]
[EventDate "1995.??.??"]

{4/(16)} 1. e4 c6 2. d4 d5 3. Nc3 dxe4 4. Nxe4 Nf6 5. Nxf6+ gxf6 6. Nf3 Bf5 7.
Bd3 Bg6 8. Bxg6 hxg6 9. O-O e6 10. Bf4 g5 11. Bg3 f5 12. h3 Nd7 13. Ne5 f4 14.
Nxd7 Qxd7 15. Bh2 O-O-O 16. c3 f5 17. Re1 Bd6 18. f3 Rdg8 19. Qb3 Rg6 20. Re2
g4 21. hxg4 Qh7 22. Bxf4 Bxf4 23. Rxe6 Bg3 24. Kf1 Qh1+ 25. Ke2 Qxg2+ 26. Kd3
Qxf3+ 27. Re3 Qxg4 28. Rh1 Rxh1 29. Re8+ Kd7 30. Qf7+ Kd6 31. Rd8# 1-0

[Event "East Lansing (Class DE/1/6)"]
[Site "?"]
[Date "1995.??.??"]
[Round "?"]
[White "Harrison, T."]
[Black "Prince, S."]
[Result "1-0"]
[WhiteElo "1605"]
[BlackElo "1605"]
[PlyCount "73"]
[EventDate "1995.??.??"]

{1/(6)} 1. e4 c5 2. Nf3 d6 3. d4 cxd4 4. Nxd4 Nf6 5. Nc3 g6 6. Be2 Bg7 7. Be3
O-O 8. g4 d5 9. exd5 Nxd5 10. Nxd5 Qxd5 11. Bf3 Qa5+ 12. c3 Rd8 13. Bd2 Qb6 14.
Nb3 Nc6 15. h3 Ne5 16. Be4 Be6 17. Qc2 Nc4 18. O-O-O Rd7 19. f4 Ne3 20. Bxe3
Qxe3+ 21. Kb1 Rad8 22. Bxb7 Qxf4 23. Rxd7 Rxd7 24. Bc8 Bxb3 25. axb3 Rd2 26.
Qc1 Qe4+ 27. Ka1 Rd5 28. b4 Qc4 29. Bb7 Rd3 30. Re1 Rxh3 31. Rxe7 Bxc3 32. Re8+
Kg7 33. bxc3 Rxc3 34. Qb2 f6 35. Rc8 Qf1+ 36. Ka2 Rc4 37. Ba6 1-0

[Event "East Lansing (Class DE/5/3)"]
[Site "?"]
[Date "1995.??.??"]
[Round "?"]
[White "Harrison, T."]
[Black "Kyser, Bob"]
[Result "1-0"]
[WhiteElo "1605"]
[BlackElo "1605"]
[PlyCount "45"]
[EventDate "1995.??.??"]

{5/(3)} 1. e4 e5 2. f4 exf4 3. Nf3 g5 4. Bc4 Bg7 5. h4 g4 6. Ng5 Nh6 7. Nxf7
Nxf7 8. Qxg4 Qf6 9. d4 Qxd4 10. Bxf7+ Kxf7 11. Qxf4+ Bf6 12. Nc3 c6 13. Rf1 d5
14. Be3 Qxe3+ 15. Qxe3 Be6 16. Rxf6+ Kxf6 17. Qd4+ Ke7 18. Qxh8 Bf7 19. exd5
Be8 20. d6+ Kd8 21. Qf6+ Kc8 22. Qe7 b6 23. Qc7# 1-0

[Event "East Lansing (Class DE/3/2)"]
[Site "?"]
[Date "1995.??.??"]
[Round "?"]
[White "Harrison, T."]
[Black "Jensen, Robert"]
[Result "0-1"]
[WhiteElo "1605"]
[BlackElo "1605"]
[PlyCount "84"]
[EventDate "1995.??.??"]

{3/(2)} 1. e4 e5 2. f4 exf4 3. Nf3 d5 4. exd5 Qxd5 5. Nc3 Qe6+ 6. Be2 Nc6 7.
O-O Bd7 8. Bb5 O-O-O 9. d3 Bd6 10. Ng5 Qf5 11. Nge4 Bc5+ 12. Nxc5 Qxc5+ 13. Kh1
g5 14. Bc4 f6 15. Ne4 Qf5 16. Bd2 Nh6 17. Bc3 Rhf8 18. b4 Ne5 19. Bd5 Bb5 20.
Bxb7+ Kxb7 21. Nc5+ Kc8 22. Bxe5 Qxe5 23. Re1 Qd4 24. Ne6 Qc3 25. Nxf8 Rxf8 26.
a4 Bc6 27. b5 Bb7 28. Qe2 Kb8 29. Qe7 Rf7 30. Qd8+ Bc8 31. Rad1 Rd7 32. Qe8 Ng4
33. Qe2 Ne3 34. Rc1 Bb7 35. Rg1 Re7 36. Qf2 Qd4 37. Qd2 f3 38. h3 fxg2+ 39.
Rxg2 Bxg2+ 40. Kg1 Nf1+ 41. Kxg2 Nxd2 42. Rd1 Re2+ 0-1

[Event "Eastpointe (MCO/4/3)"]
[Site "?"]
[Date "1995.??.??"]
[Round "?"]
[White "Harris, T."]
[Black "Thompson, Dexter"]
[Result "0-1"]
[WhiteElo "2060"]
[BlackElo "2370"]
[PlyCount "98"]
[EventDate "1995.??.??"]

{4/(3)} 1. d4 Nf6 2. c4 e5 3. dxe5 Ng4 4. Nf3 Bc5 5. e3 Nc6 6. Be2 Ngxe5 7. Nc3
O-O 8. O-O d6 9. Nxe5 Nxe5 10. f4 Nc6 11. Kh1 Qh4 12. Qe1 Qxe1 13. Rxe1 Nb4 14.
Bd1 Nd3 15. Rf1 Nxc1 16. Rxc1 Bxe3 17. Ra1 Be6 18. Be2 Rfe8 19. Rad1 f5 20. b3
a6 21. Bf3 Rab8 22. Nd5 Bxd5 23. Bxd5+ Kf8 24. g3 c6 25. Bf3 Bc5 26. Rfe1 Bb4
27. Rxe8+ Rxe8 28. Kg2 a5 29. Rd3 Re1 30. a4 Bc5 31. Bd1 Rg1+ 32. Kh3 h6 33.
Bf3 g5 34. fxg5 hxg5 35. g4 f4 36. Rd1 Rxd1 37. Bxd1 Ke7 38. Kg2 Kf6 39. Kf3
Ke5 40. h3 Be3 41. Be2 Kd4 42. h4 gxh4 43. g5 Kc3 44. g6 Bd4 45. Bd1 Kd2 46.
Be2 Kc2 47. Kxf4 Kxb3 48. Kf5 Kxa4 49. Ke6 Kb4 0-1

[Event "Eastpointe (MCO/2/9)"]
[Site "?"]
[Date "1995.??.??"]
[Round "?"]
[White "Harris, T."]
[Black "Spooner, Frank"]
[Result "1-0"]
[WhiteElo "2060"]
[BlackElo "1820"]
[PlyCount "107"]
[EventDate "1995.??.??"]

{2/(9)} 1. d4 Nf6 2. c4 e6 3. g3 Bb4+ 4. Bd2 Qe7 5. Bg2 Nc6 6. Nf3 O-O 7. O-O
Bxd2 8. Qxd2 Ne4 9. Qc2 f5 10. Nc3 Nf6 11. e3 d6 12. d5 Nd8 13. Nd4 g6 14. dxe6
c6 15. e4 fxe4 16. Nxe4 Nxe6 17. Nxe6 Bxe6 18. Rae1 Bf5 19. Nxf6+ Qxf6 20. Qd2
Rae8 21. b3 Re5 22. Rxe5 Qxe5 23. Re1 Qf6 24. Qe3 Bc8 25. a4 a6 26. a5 Bd7 27.
Qd2 Rd8 28. h4 Bc8 29. Qe3 Rf8 30. Qd2 Rd8 31. Re3 Qg7 32. Qe1 Qf6 33. Re7 d5
34. cxd5 cxd5 35. Bxd5+ Rxd5 36. Re8+ Kf7 37. Rxc8 Qe7 38. Qc1 Rd7 39. Qc4+ Qe6
40. Qf4+ Qf5 41. Qc4+ Qd5 42. Rc5 Qxc4 43. Rxc4 Ke6 44. Kg2 Rf7 45. b4 Kd5 46.
Rc5+ Kd6 47. h5 Rf5 48. hxg6 hxg6 49. Rxf5 gxf5 50. f3 Ke5 51. g4 Kf4 52. gxf5
Kg5 53. Kg3 Kxf5 54. f4 1-0

[Event "East Lansing (MOR/4/8)"]
[Site "?"]
[Date "1995.??.??"]
[Round "?"]
[White "Harris, G."]
[Black "Horton, Deon"]
[Result "1-0"]
[WhiteElo "1605"]
[BlackElo "1795"]
[PlyCount "97"]
[EventDate "1995.??.??"]

{4/(8)} 1. e4 c5 2. Nf3 Nc6 3. d4 cxd4 4. Nxd4 Nf6 5. Nc3 e5 6. Nxc6 bxc6 7.
Bc4 Bb4 8. O-O Bxc3 9. bxc3 Nxe4 10. Qg4 d5 11. Qxg7 Qf6 12. Qxf6 Nxf6 13. Bb3
Rg8 14. Re1 e4 15. Be3 Bh3 16. g3 Be6 17. Ba4 Kd7 18. Rab1 Ne8 19. Rb7+ Nc7 20.
Reb1 Bg4 21. Bxa7 Kd6 22. Be3 Ne6 23. Bb3 f5 24. c4 f4 25. cxd5 fxe3 26. dxe6
e2 27. Rxh7 Rh8 28. Rxh8 Rxh8 29. Re1 Kc5 30. c3 Rd8 31. e7 Re8 32. h3 Bf3 33.
g4 Rxe7 34. Kh2 Rd7 35. Kg3 Rd3 36. Kf4 Rxc3 37. h4 Kd4 38. h5 Kd3 39. h6 Kd2
40. h7 Kxe1 41. h8=Q Kd2 42. Qd4+ Rd3 43. Qb2+ Ke1 44. Bc4 Kf1 45. Qb1+ e1=Q
46. Bxd3+ exd3 47. Qxd3+ Qe2 48. Qxf3 Qc4+ 49. Kg3 1-0

[Event "East Lansing (MOR/6/7)"]
[Site "?"]
[Date "1995.??.??"]
[Round "?"]
[White "Harris, G."]
[Black "Hayes, P."]
[Result "1-0"]
[WhiteElo "1605"]
[BlackElo "1605"]
[PlyCount "53"]
[EventDate "1995.??.??"]

{6/(7)} 1. e4 e5 2. Nf3 Nc6 3. d4 exd4 4. Nxd4 d6 5. Bc4 Ne5 6. Bb3 Nf6 7. Nc3
Be7 8. O-O O-O 9. f4 Ng6 10. Qf3 c6 11. Nf5 Re8 12. Nxe7+ Rxe7 13. Be3 Be6 14.
Bd4 Nd7 15. f5 Nge5 16. Bxe5 Nxe5 17. Qg3 Bxb3 18. f6 g6 19. fxe7 Qb6+ 20. Kh1
Bxc2 21. Qf2 Bd3 22. Qxb6 axb6 23. Rf6 Re8 24. Rxd6 Rxe7 25. Kg1 b5 26. b4 Bxe4
27. Nxe4 1-0

[Event "East Lansing (MOR/2/28)"]
[Site "?"]
[Date "1995.??.??"]
[Round "?"]
[White "Harris, G."]
[Black "Foord, Allan"]
[Result "1-0"]
[WhiteElo "1605"]
[BlackElo "1630"]
[PlyCount "55"]
[EventDate "1995.??.??"]

{2/(28)} 1. e4 c5 2. Nf3 d6 3. d4 cxd4 4. Nxd4 Nf6 5. Nc3 a6 6. Be2 e6 7. O-O
Be7 8. f4 O-O 9. Bd3 Qb6 10. Be3 Qxb2 11. Na4 Qb4 12. c3 Qa5 13. Nf5 Bd8 14.
Nxd6 Bd7 15. Nc5 Bc6 16. Bd4 b5 17. e5 Nfd7 18. Nb3 Qc7 19. f5 Be7 20. f6 Bxd6
21. exd6 Qxd6 22. Bxh7+ Kxh7 23. Qh5+ Kg8 24. Qg5 g6 25. Qh6 Qxd4+ 26. Nxd4
Nxf6 27. Rxf6 Bd5 28. Rf4 1-0

[Event "Troy (US Am N/2/26)"]
[Site "?"]
[Date "1995.??.??"]
[Round "?"]
[White "Harris, Do"]
[Black "Walker, LeRoy"]
[Result "0-1"]
[WhiteElo "1605"]
[BlackElo "1935"]
[PlyCount "85"]
[EventDate "1995.??.??"]

{2/(26)} 1. e4 c5 2. Nc3 Nc6 3. g3 g6 4. Bg2 Bg7 5. d3 d6 6. f4 e6 7. Nf3 Rb8
8. Be3 b5 9. a3 Nge7 10. Qd2 a5 11. d4 b4 12. Ne2 cxd4 13. Nexd4 O-O 14. Nxc6
Nxc6 15. Nd4 Qc7 16. e5 Nxd4 17. Bxd4 dxe5 18. fxe5 Bxe5 19. c3 Bxd4 20. cxd4
Bb7 21. O-O Bxg2 22. Kxg2 bxa3 23. Rxa3 Qb7+ 24. Kh3 Qxb2 25. Qxb2 Rxb2 26.
Rxa5 Rd2 27. Ra4 f5 28. Re1 Re8 29. Kh4 Rxh2+ 30. Kg5 Kf7 31. Ra7+ Re7 32.
Rxe7+ Kxe7 33. d5 Rh5+ 34. Kf4 g5+ 35. Ke5 exd5 36. Kxf5+ Kd6 37. Kg4 Rh6 38.
Kf3 Rg6 39. g4 Re6 40. Rh1 h6 41. Rd1 Rf6+ 42. Ke3 Ke5 43. Kd3 0-1

[Event "Troy (US Am N/5/23)"]
[Site "?"]
[Date "1995.??.??"]
[Round "?"]
[White "Harris, Do"]
[Black "Rosenberg, Steve"]
[Result "0-1"]
[WhiteElo "1605"]
[BlackElo "1740"]
[PlyCount "59"]
[EventDate "1995.??.??"]

{5/(23)} 1. e4 Nf6 2. e5 Nd5 3. c4 Nb6 4. d4 d6 5. f4 dxe5 6. fxe5 c5 7. d5 e6
8. Nc3 exd5 9. cxd5 c4 10. a3 Bc5 11. Nf3 Bg4 12. g3 O-O 13. Bg2 Na6 14. Bf4
Re8 15. Qd2 Rc8 16. O-O-O Qd7 17. h3 Bf5 18. g4 Bd3 19. Ne1 Na4 20. Nxd3 cxd3
21. Kb1 Nxc3+ 22. Qxc3 Qa4 23. Rc1 Qxf4 24. e6 fxe6 25. dxe6 d2 26. Rc2 Rcd8
27. Bf3 Be7 28. Rd1 Bf6 29. Qb3 Be7 30. Rcxd2 $138 0-1

[Event "Troy (US Am N/6/27)"]
[Site "?"]
[Date "1995.??.??"]
[Round "?"]
[White "Harris, Do"]
[Black "Nixon, Peter"]
[Result "1/2-1/2"]
[WhiteElo "1605"]
[BlackElo "1605"]
[PlyCount "44"]
[EventDate "1995.??.??"]

{6/(27)} 1. e4 c5 2. Nc3 Nc6 3. g3 g6 4. Bg2 Bg7 5. d3 Nf6 6. f4 e6 7. e5 Ng8
8. Nf3 Nge7 9. Ne4 O-O 10. g4 f6 11. exf6 Bxf6 12. Nxf6+ Rxf6 13. Be3 d6 14. h4
Nd5 15. Qd2 Qf8 16. O-O Nxf4 17. Bxf4 Rxf4 18. Nh2 e5 19. Rxf4 Qxf4 20. Bd5+
Kg7 21. Qxf4 exf4 22. Bxc6 bxc6 1/2-1/2

[Event "Gaylord (NMO/2/4)"]
[Site "?"]
[Date "1995.??.??"]
[Round "?"]
[White "Harrington, K."]
[Black "Moody, David"]
[Result "0-1"]
[WhiteElo "1605"]
[BlackElo "2000"]
[PlyCount "80"]
[EventDate "1995.??.??"]

{2/(4)} 1. e4 e5 2. Bc4 Nf6 3. Nc3 Nxe4 4. Nxe4 d5 5. Bd3 dxe4 6. Bxe4 Bc5 7.
Nf3 O-O 8. d4 exd4 9. O-O Bg4 10. Bxb7 Nd7 11. Bxa8 Qxa8 12. Bf4 f6 13. Qd3
Bxf3 14. gxf3 Kh8 15. Bxc7 Qc6 16. Bg3 Ne5 17. Bxe5 fxe5 18. Qe4 Qh6 19. Kg2
Rf4 20. Qxe5 Bd6 21. Qe8+ Rf8 22. Qxf8+ Bxf8 23. Rfd1 Bd6 24. h3 Qf4 25. Rh1
Qg5+ 26. Kf1 Qd2 27. Kg2 Qxc2 28. Rac1 Qg6+ 29. Kf1 h6 30. Rc8+ Kh7 31. Rc6 d3
32. Rg1 d2 33. Rxd6 Qxd6 34. Ke2 Qe5+ 35. Kxd2 Qxb2+ 36. Ke3 Qxa2 37. Rg4 a5
38. f4 a4 39. Rg3 a3 40. Kd4 Qb2+ 0-1

[Event "Gaylord (NMO/5/7)"]
[Site "?"]
[Date "1995.??.??"]
[Round "?"]
[White "Harrington, K."]
[Black "Evans Sr., Thomas"]
[Result "0-1"]
[WhiteElo "1605"]
[BlackElo "1910"]
[PlyCount "108"]
[EventDate "1995.??.??"]

{5/(7)} 1. e4 b6 2. Bc4 Bb7 3. d3 e6 4. Nf3 a5 5. a4 d5 6. exd5 exd5 7. Bb3
Qe7+ 8. Qe2 Qxe2+ 9. Kxe2 Nd7 10. Re1 O-O-O 11. Kf1 h6 12. d4 Bd6 13. Nc3 Bb4
14. Bf4 Bxc3 15. bxc3 g5 16. Bg3 f6 17. Nd2 h5 18. h3 Nh6 19. Kg1 Nf5 20. Bh2
g4 21. c4 dxc4 22. Bxc4 Nxd4 23. h4 Nxc2 24. Rec1 Nxa1 25. Be6 c5 26. Rxa1 Rde8
27. Bf5 Bd5 28. Rb1 Be6 29. Bg6 Reg8 30. Be4 f5 31. Bc6 Rg6 32. Bf4 Ba2 33.
Bxd7+ Kxd7 34. Rd1 Kc6 35. Nf1 Bb3 36. Ra1 Rd8 37. Ne3 Re6 38. Kh2 Re4 39. g3
Rd2 40. Nxg4 Rxf4 41. Ne5+ Kd5 42. gxf4 Rxf2+ 43. Kg3 Ra2 44. Rb1 Ra3 45. Kf2
c4 46. Nd7 Ke4 47. Nxb6 c3 48. Ke2 Ra2+ 49. Ke1 c2 50. Rc1 Ke3 51. Nd7 Rb2 52.
Nc5 Rb1 53. Nxb3 Rxb3 54. Rxc2 Rb1+ 0-1